00584cam a22002171 4500001001300000003000400013005001700017008004100034010001700075035002000092040001800112042001200130043001200142050001600154100002200170245005500192260004600247300003100293651002500324999001700349sa 65005252 DLC20260227112136.0890108s1961 io a 000 0 ind  asa 65005252  a(OCoLC)23554639 aDLCcMiUdDLC apremarc aa-io---00aHF3806b.W31 aWachid, Djoerban.10aPeranan pemerintah dalam perniagaan internasional; a[Djakarta,bPertjetakan U. I. I.,c1961?] a32, [1] p.billus.c21 cm. 0aIndonesiaxCommerce. c64213d64213